03325nac a22002657a 450000500170000000800410001704000550005808200150011310000320012824201510016024501190031126001770043030000880060750008470069550506830154250600210222552001260224654600210237265000570239365000670245085602370251785600910275485601070284585601070295220170530113023.0130219s1621 gw |||fr|||| 001 0 lat d cSandra Yazo (modificó)dSandra Yazo (modificó)04220a262.9 1 aToschi, Domenicod1535-162000aConclusiones prácticas de Derecho, que se presentan con más frecuencia en todos los tribunalesbTomo segundo [-séptimo]cDomingo Toschiyspa10aPracticarum Conclusionum iuris in omni Foro frequentiorumbTomus Secundus [-septimus]cDominici TT S. Onuphrii ... aFrancofurti [Frankfurt]bex typographia Erasmi Kenpfferi sumptibus Rulandiorum [Imprenta de Erasmo Kempffer, a costa de los hermanos Johann, Nikolaus y Peter Ruland]c1621 a4 volúmenes ([16], 614 ; [12], 500, [30] ; [18], 560 [12] páginas)c37 x 25 cm. aDetalles físicos: Encuadernación flexible en pergamino. Tapas y lomo con bordes rotos, manchadas, varios faltantes en la parte superior. Guardas desprendidas y rotas. Portadas impresa en una sola tinta con un grabado decorativo. Cenefa inicial y mayúscula capital. Texto impreso en dos columnas, muy densas, separadas por una línea. Párrafos numerados, algunas marcaciones con cruces, asteriscos y manos. Papel con algunas manchas. Registros. Signaturas. Reclamos. Remate. Papel muy deteriorado por humedad y la falta de parte de las tapas, notorio al final de los volúmenes. Ejemplares en regular estado de conservación. Varias anotaciones y sellos de tinta en la portada. V.1 varios cuadernillos empiezan a desprenderse, pág. 177 suelta. V.4 con rotura en pág. 475, impresión errada en pág. 476. Colección incompleta0 aV.2: C (Conatus = conato, intento) – D (Dux sabaudiae = Duque de Saboya) -- V.4: F (Forum Iulii =nombre latino de la actual región italiana de Friuli) – I (Iustitia Omnibus Indifferenter Ministranda = La justicia se debe aplicar a todos sin acepción de personas) -- V.6: P (Pacem Facere Qui Teneatur Vel Non = quién está obligado y quién no a hacer las paces) – R Respublica Obligatur Ad Multa = la república tiene muchas obligaciones y deberes) -- V.7:R (Restitutio In Integrum Quid Sit = en qué consiste la restitución in integrum) – S (Suus, Sua, Suum, Quid Importet = “suyo, qué implica”, lo expresa en las formas masculina, femenina y neutra) aConsulta en sala aLa obra es una especie de enciclopedia jurídica, con temas que se explican y desarrollan, según un orden alfabético aTexto en latín 7aDerecho civilvDiccionariosxObras anteriores a 1800 7aDerecho eclesiástico vDiccionariosxObras anteriores a 180041zDisponible en línea V.1-2uhttp://books.google.com.co/books?id=iy5PAAAAYAAJ&printsec=frontcover&dq=Practicarum+Conclusionum+iuris+in+omni+Foro+frequentiorum+1621&hl=es&sa=X&ei=_KwjUZKKCo_c8wSi1YGYCg&redir_esc=y#v=onepage&q&f=false zDisponible en línea V.3-4uhttps://babel.hathitrust.org/cgi/pt?id=njp.3210107983891641zDisponible en línea V.5-6uhttps://babel.hathitrust.org/cgi/pt?id=njp.32101079838924;view=1up;seq=1341zDisponible en línea V.7-8uhttps://babel.hathitrust.org/cgi/pt?id=njp.32101079838932;view=1up;seq=11